[Event "CHI-ch U20"]
[Site "San Carlos"]
[Date "2015.02.12"]
[Round "5"]
[White "Romero Gonzalez, Juan Ignacio"]
[Black "Garcia Abello, Lucas"]
[Result "0-1"]
[WhiteElo "1790"]
[BlackElo "1712"]
[PlyCount "76"]
[EventDate "2015.02.10"]
[EventType "swiss"]
[EventRounds "9"]
[EventCountry "CHI"]
[SourceTitle "CBM 164 Extra"]
[Source "ChessBase"]
[SourceDate "2015.03.02"]
[SourceVersion "1"]
[SourceVersionDate "2015.03.02"]
[SourceQuality "1"]

1. e4 e5 2. Nf3 Nc6 3. Bb5 f5 4. d3 fxe4 5. dxe4 Nf6 6. Qd3 Bb4+ 7. c3 Bd6 8. 0-0 0-0 9. Bc4+ Kh8 10. b4 a6 11. Rd1 Be7 12. Nbd2 d6 13. Nf1 Bg4 14. h3 Bxf3 15. gxf3 Nh5 16. Ng3 Nf4 17. Bxf4 exf4 18. Nf5 Ne5 19. Qe2 Qe8 20. Kh2 Bf6 21. Bd5 Rb8 22. Rg1 Qh5 23. Nd4 c5 24. bxc5 dxc5 25. Ne6 Qxf3 26. Qxf3 Nxf3+ 27. Kh1 Nxg1 28. Nxf8 Nxh3 29. Nd7 Rc8 30. Nxf6 gxf6 31. Kg2 Ng5 32. Bxb7 Rc7 33. Bxa6 Nxe4 34. Kf3 Nxc3 35. Kxf4 c4 36. Ke3 Nd5+ 37. Kd4 Nb4 38. Rc1 Nxa6 0-1